Online
Catalog

Corazón / (Record no. 21023)

MARC details
000 -CABECERA
campo de control de longitud fija 00691cam a2200217 a 4500
001 - NÚMERO DE CONTROL
campo de control 000021523
005 - FECHA Y HORA DE LA ÚLTIMA TRANSACCIÓN
campo de control 20200930011344.0
008 - DATOS DE LONGITUD FIJA--INFORMACIÓN GENERAL
campo de control de longitud fija 850501s1970 mx 000 j spa d
040 ## - FUENTE DE LA CATALOGACIÓN
Centro catalogador/agencia de origen DO-SdBNP
Lengua de catalogación spa
Centro/agencia transcriptor BNPHU
082 ## - NÚMERO DE LA CLASIFICACIÓN DECIMAL DEWEY
Número de clasificación 853.8
Número de documento/Ítem A516c
049 ## - FONDOS LOCALES (OCLC)
Fondos de biblioteca BNGR
100 1# - ENTRADA PRINCIPAL--NOMBRE DE PERSONA
Nombre de persona Amicis, Edmundo de,
Fechas asociadas al nombre 1846-1908.
9 (RLIN) 24451
245 10 - MENCIÓN DE TÍTULO
Título Corazón /
Mención de responsabilidad, etc. Edmundo de Amicis ; prólogo, María Elvira Bermúdez.
260 ## - PUBLICACIÓN, DISTRIBUCIÓN, ETC.
Lugar de publicación, distribución, etc. México :
Nombre del editor, distribuidor, etc. Porrua,
Fecha de publicación, distribución, etc. 1970.
300 ## - DESCRIPCIÓN FÍSICA
Extensión 163 p. ;
Dimensiones 22 cm.
490 1# - MENCIÓN DE SERIE
Mención de serie Sepan Cuantos ;
Designación de volumen o secuencia 157
650 #4 - PUNTO DE ACCESO ADICIONAL DE MATERIA--TÉRMINO DE MATERIA
Término de materia o nombre geográfico como elemento de entrada Cuentos italianos
9 (RLIN) 5425
650 #4 - PUNTO DE ACCESO ADICIONAL DE MATERIA--TÉRMINO DE MATERIA
Término de materia o nombre geográfico como elemento de entrada Literatura italiana
Subdivisión cronológica SIGLO XIX
9 (RLIN) 40243
700 1# - PUNTO DE ACCESO ADICIONAL--NOMBRE DE PERSONA
Nombre de persona Bermúdez, María Elvira,
Término indicativo de función/relación pról.
9 (RLIN) 44863
830 #0 - PUNTO DE ACCESO ADICIONAL DE SERIE-TÍTULO UNIFORME
Título uniforme Sepan Cuantos ;
Designación de volumen o secuencia 157
9 (RLIN) 12886

No items available.

Powered by Koha